000 00299nam a22001337a 4500
008 170202b xxu||||| |||| 00| 0 eng d
020 _a9780323008129
041 _aeng
080 _215TH
_a61
100 _a3
101 _aSHM
245 _aTHEH ARRIET LANE HANDBOOK
_cSIBERRY, K.G
942 _2udc
_cBK
999 _c4252
_d4252